200 años de la matemática en la Argentina /

Guardado en:
Autor Principal: Fernández Stacco, Edgardo L.
Formato: Libro
Idioma:Spanish
Publicado: Bahía Blanca : Instituto de Matemática de Bahía Blanca, 2011.
Series:Informe técnico interno (Instituto de Matemática, Universidad Nacional del Sur) ; no. 99
Etiquetas: Agregar Etiqueta
Sin Etiquetas, Sea el primero en etiquetar este registro!
LEADER 02290nam a22001695a 4500
001 MAT.inmabb006565
008 120730s2011####ag############001#0#spa#d
005 20120730145745.0
245 1 0 |a 200 años de la matemática en la Argentina /  |c Edgardo L. Fernández Stacco. 
260 |a Bahía Blanca :  |b Instituto de Matemática de Bahía Blanca,  |c 2011. 
300 |a 46 p. ;  |c 30 cm. 
490 0 |a Informe técnico interno ;  |v no. 99 
505 0 |a Introducción -- De 1810 a 1821 -- De 1821 hasta 1835 -- De 1835 a 1865 -- Departamento de Ciencias Exactas -- Facultad de Ciencias y la Facultad de Ciencias Fisicomatemáticas -- El Congreso de 1900 en París. Los 23 problemas de Hilbert -- 1892-1923. En la Universidad de Buenos Aires -- La Universidad de Córdoba, La Plata y otras -- Revistas y producción matemática -- 1923-1972 -- La Matemática en Buenos Aires y en La Plata (1943-1971). La Unión Matemática Argentina -- El Instituto de Cálculo y la carrera de Computador Científico -- La generación de 61' -- La matemática en La Plata -- La matemática argentina en los primeros congresos internacionales -- La matemática en Bahía Blanca y en el sur argentino -- La matemática antes de la fundación de la Universidad Nacional del Sur -- La matemática en la Universidad Nacional del Sur -- Plan original de los estudios de la Licenciatura en Matemática -- Plan de estudios del Profesorado en Matemática -- El Instituto de Matemática de la Universidad Nacional del Sur -- Monteiro y las Ciencias de la Computación -- El exilio y la matemática en la Argentina -- La matemática en la Patagonia -- De 1973 en adelante -- El Instituto de Matemática -- Profesores visitantes -- Congresos realizados en Bahía Blanca -- Congreso en homenaje al Dr. Antonio A. R. Monteiro -- Publicaciones del Instituto de Matemática -- Anexo I. Cronología de la matemática argentina a partir de 1720 -- Anexo II. Publicaciones del Instituto de Matemática de la UNS -- Anexo III. Recipientes de la Medalla Fields -- Anexo IV. Algunas aplicaciones de la matemática -- Bibliografía. 
100 1 |a Fernández Stacco, Edgardo L. 
830 0 |a Informe técnico interno (Instituto de Matemática, Universidad Nacional del Sur) ;  |v no. 99 
084 |a 01Axx (01A55 01A60)  |2 msc2000 
859 |p ITI-99  |b BIB. MATEMATICA